LIBRARY & INFORMATION CENTRE, KCAET, TAVANUR

ONLINE PUBLIC ACCESS CATALOGUE (OPAC)

Jonathan Wild, the journal of a voyage to Lisbon / (Record no. 16394)

MARC details
000 -LEADER
fixed length control field 00352nam a2200121Ia 4500
008 - FIXED-LENGTH DATA ELEMENTS--GENERAL INFORMATION
fixed length control field 150623b xxu||||| |||| 00| 1 eng d
082 ## - DEWEY DECIMAL CLASSIFICATION NUMBER
Classification number 823.5F1
100 ## - MAIN ENTRY--AUTHOR NAME
Personal name Fielding, Henry
245 ## - TITLE STATEMENT
Title Jonathan Wild, the journal of a voyage to Lisbon /
260 ## - PUBLICATION, DISTRIBUTION, ETC. (IMPRINT)
Place of publication London :
Name of publisher Everyman's Lib.,
Year of publication 1976.
942 ## - ADDED ENTRY ELEMENTS (KOHA)
Koha item type Books

No items available.

free website counter